| 000 | 00464cam a2200193ua 4500 | ||
|---|---|---|---|
| 020 | _cRs.150/- | ||
| 041 |
_aeng _h |
||
| 082 |
_a512 _bHOF/LI |
||
| 100 | _aHoffman, Kennneth. | ||
| 245 |
_aLinear Algebra / _cHoffman Kenneth. _hTextual Documents |
||
| 250 |
_a3 / _b. |
||
| 260 |
_aNew Delhi : _bPrentice Hall , _c2007. |
||
| 300 | _a632 ; . | ||
| 365 | _aRs.150/- | ||
| 504 | _a | ||
| 700 | 1 | _aKunze, Ray. | |
| 942 | _cBK | ||
| 999 |
_c13123 _d13123 |
||